Incorporated Council of Law Reporting for England and Wales (Record no. 120256)

MARC details
000 -LEADER
fixed length control field 01337cam a2200229 4500
001 - CONTROL NUMBER
control field WS121971
008 - FIXED-LENGTH DATA ELEMENTS--GENERAL INFORMATION
fixed length control field 030414n 000 0 eng u
035 ## - SYSTEM CONTROL NUMBER
System control number (Sirsi) u121971
110 ## - MAIN ENTRY--CORPORATE NAME
Corporate name or jurisdiction name as entry element Incorporated Council of Law Reporting for England and Wales
9 (RLIN) 4426
245 ## - TITLE STATEMENT
Title Incorporated Council of Law Reporting for England and Wales
520 ## - SUMMARY, ETC.
Summary, etc. Web site for this charitable organisation set up by the legal profession in 1865 to counteract the problems caused by inaccurate reporting of legal cases. All cases are reported by solicitors and barristers who are present in court for the hearings. Includes a link to the Weekly Law reports giving current cases and those from the previous week and a similar service for the Law Reports. Also includes Daily Law Notes, a free 24 hour service from the Royal Courts of Justice and European Court of Justice, including updates from the House of Lords, Privy Council, Court of Appeal and all divisions of the High Court.
650 ## - SUBJECT ADDED ENTRY--TOPICAL TERM
Topical term or geographic name entry element LAW REPORTS
650 ## - SUBJECT ADDED ENTRY--TOPICAL TERM
Topical term or geographic name entry element ROYAL COURTS OF JUSTICE
650 ## - SUBJECT ADDED ENTRY--TOPICAL TERM
Topical term or geographic name entry element EUROPEAN COURT OF JUSTICE
650 ## - SUBJECT ADDED ENTRY--TOPICAL TERM
Topical term or geographic name entry element HOUSE OF LORDS
650 ## - SUBJECT ADDED ENTRY--TOPICAL TERM
Topical term or geographic name entry element PRIVY COUNCIL
650 ## - SUBJECT ADDED ENTRY--TOPICAL TERM
Topical term or geographic name entry element COURT OF APPEAL
650 ## - SUBJECT ADDED ENTRY--TOPICAL TERM
Topical term or geographic name entry element HIGH COURT
690 ## - LOCAL SUBJECT ADDED ENTRY--TOPICAL TERM (OCLC, RLIN)
Topical term or geographic name as entry element LAW-CASE LAW
856 40 - ELECTRONIC LOCATION AND ACCESS
Uniform Resource Identifier <a href="https://www.lawreports.co.uk">https://www.lawreports.co.uk</a>
Public note View the website free of charge at www.lawreports.co.uk...
942 ## - ADDED ENTRY ELEMENTS (KOHA)
Suppress in OPAC 0
Holdings
Withdrawn status Lost status Source of classification or shelving scheme Damaged status Not for loan Home library Current library Shelving location Date acquired Total Checkouts Full call number Barcode Date last seen Copy number Price effective from Koha item type
    Dewey Decimal Classification     Virtual Virtual Online 14/04/2003   WEB SITE 121971-1001 06/08/2019 1 06/08/2019 Online material